000 01196nam a2200313 c 4500
003 BLK
005 20180422115734.0
008 180411b bul|||||r ||||||| ||bul||
010 _aKNG00199923000
040 _aBLK
041 _aBUL
_cBUL
072 7 _2bullib
_aА
_xФонд Михаил Арнаудов
080 _aБългарска литература
_b821.163.2
_x-1
_z821.163.2-1
100 1 _aВазов, Иван Минчов
_eпърви автор
_9363396
139 _aВазов, Иван Минчов
_bВ 15
245 1 0 _aЛюбов и природа
_bСтихотворения
_cИван Минчов Вазов.
250 _aНово изд.
257 _aBGR
260 София
_bТ. Ф. Чипев
_c1921
_fСофия : Елит
300 _a120 с.
_c15 см
380 _aX
500 _aСъдържа и: Триндафилите. Какво пее планината. - Подпис на Михаил Арнаудов. - Твърда подв.
659 _aА
852 _aЦб МА 2016
856 4 _qpdf
_u
856 4 _qpdf
_u
942 _cKNG
_n0
944 _aCR
_c06.02.2017
_kГеновева_Генчева
944 _aED
_c06.02.2017
_kГеновева_Генчева
999 _c190773
_d190773